भारतीय साहित्य में मुसलमानों का अवदान / (Record no. 53060)

MARC details
000 -LEADER
fixed length control field 00646nam a2200181Ia 4500
005 - DATE AND TIME OF LATEST TRANSACTION
control field 20260429112234.0
008 - FIXED-LENGTH DATA ELEMENTS--GENERAL INFORMATION
fixed length control field 260429s9999||||xx |||||||||||||| ||und||
020 ## - INTERNATIONAL STANDARD BOOK NUMBER
International Standard Book Number 9788180314025
041 ## - LANGUAGE CODE
Language Hindi
082 ## - DEWEY DECIMAL CLASSIFICATION NUMBER
Classification number 891.434
Item number REZ
100 ## - MAIN ENTRY--PERSONAL NAME
Personal name रज़ा, जाफ़र
245 #0 - TITLE STATEMENT
Title भारतीय साहित्य में मुसलमानों का अवदान /
Statement of responsibility, etc जाफ़र रज़ा
250 ## - EDITION STATEMENT
Edition statement 1st rev.
260 ## - PUBLICATION, DISTRIBUTION, ETC. (IMPRINT)
Place of publication, distribution, etc प्रयागराज :
Name of publisher, distributor, etc लोकभारती प्रकाशन,
Date of publication, distribution, etc 2024.
300 ## - PHYSICAL DESCRIPTION
Extent 276 p.; Hb
650 ## - SUBJECT ADDED ENTRY--TOPICAL TERM
Topical term or geographic name as entry element हिन्दी साहित्य
942 ## - ADDED ENTRY ELEMENTS (KOHA)
Koha item type Text Books
Holdings
Withdrawn status Lost status Damaged status Not for loan Collection code Home library Location Shelving location Date of Cataloging Source of acquisition Total Checkouts Full call number Barcode Date last seen Price effective from Koha item type
        Non-fiction CUTN Central Library CUTN Central Library Literature 29/04/2026 Segment Book Distributors, New Delhi - Invoice No. 71458 on 09-02-2026   891. 434 REZ 58233 29/04/2026 29/04/2026 Text Books